Le Consulat et l'Empire : 1799-1815 (notice n° 1937907)

détails MARC
000 -LEADER
fixed length control field 00903cam a2200133 4500500
005 - DATE AND TIME OF LATEST TRANSACTION
control field 20260329025437.0
041 ## - LANGUAGE CODE
Language code of text/sound track or separate title fre
042 ## - AUTHENTICATION CODE
Authentication code dc
100 10 - MAIN ENTRY--PERSONAL NAME
Personal name Bertaud, Jean-Paul
Relator term author
245 00 - TITLE STATEMENT
Title Le Consulat et l'Empire : 1799-1815
260 ## - PUBLICATION, DISTRIBUTION, ETC.
Name of publisher, distributor, etc. Armand Colin,<br/>
Date of publication, distribution, etc. 2021.<br/>
520 ## - SUMMARY, ETC.
Summary, etc. Le 18 brumaire, Bonaparte prend le pouvoir. Le Consulat et l'Empire fondent-ils l'État moderne ou ne sont-ils qu'un épisode durant lequel se trouve glacé le mouvement démocratique en 1789 ? Quelle marque imprime-t-il aux Arts et aux Lettres et quels développements connaissent les Sciences sous son règne ? Cet ouvrage offre un panorama complet des recherches historiques les plus récentes sur la France napoléonienne. Sa 3e édition permet de mettre à jour des points historiographiques.
856 41 - ELECTRONIC LOCATION AND ACCESS
Uniform Resource Identifier <a href="https://shs.cairn.info/le-consulat-et-l-empire--9782200630652?lang=fr&redirect-ssocas=7080">https://shs.cairn.info/le-consulat-et-l-empire--9782200630652?lang=fr&redirect-ssocas=7080</a>

Pas d'exemplaire disponible.

PLUDOC

PLUDOC est la plateforme unique et centralisée de gestion des bibliothèques physiques et numériques de Guinée administré par le CEDUST. Elle est la plus grande base de données de ressources documentaires pour les Étudiants, Enseignants chercheurs et Chercheurs de Guinée.

Adresse

627 919 101/664 919 101

25 boulevard du commerce
Kaloum, Conakry, Guinée

Réseaux sociaux

Powered by Netsen Group @ 2025